000 00847nas a2200265 4500
001 BR2019001209
003 BR-BrBNA
005 20231205131857.0
007 ta
008 230509b bl.|||p| |||| 00| 00por d
040 _aBR-BrBNA
_bpor
_cBiblioteca Nacional de Agricultura
041 _a(Pt)
072 _aF03; F63; F30
100 1 _aVello, F.
100 1 _aMagalhães, W.S.
100 1 _aNascimento, I.F. do
245 1 _aMétodo simplificado para produzir sementes híbridas de cacau por polinização manual controlada
650 _aPRODUÇÃO DE SEMENTES
650 _aHÍBRIDO
650 _aPOLINIZAÇÃO
773 0 _tRevista Theobroma (Brazil)
_xISSN 0370-7962
_g(Jan-Mar 1972), v. 2(1) p. 35-44
_wBR2019001209
856 4 0 _dLink DSPACE/MAPA BR2019001209
909 _a202311
_bLúcia
_c55
_dLúcia Elande
942 _2AGRIS
_n0
_cANA
999 _c257227
_d257227